UM Logo

Polygraph techniques : (Record no. 17497)

MARC details
000 -LEADER
fixed length control field 00655nam a2200181 4500
005 - DATE AND TIME OF LATEST TRANSACTION
control field 20251106103706.0
008 - FIXED-LENGTH DATA ELEMENTS--GENERAL INFORMATION
fixed length control field 221026b ||||| |||| 00| 0 eng d
020 ## - INTERNATIONAL STANDARD BOOK NUMBER
International Standard Book Number 9786214181834
082 ## - DEWEY DECIMAL CLASSIFICATION NUMBER
Classification number DFil 363.25402 L949 2021
100 ## - MAIN ENTRY--PERSONAL NAME
Personal name Lovito, Rey S.
9 (RLIN) 46530
245 ## - TITLE STATEMENT
Title Polygraph techniques :
Remainder of title a manual in lie detection /
Statement of responsibility, etc. Rey S. Lovito.
260 ## - PUBLICATION, DISTRIBUTION, ETC. (IMPRINT)
Place of publication, distribution, etc. Quezon City :
Name of publisher, distributor, etc. Wiseman's Books Trading, Inc.,
Date of publication, distribution, etc. ©2021.
300 ## - PHYSICAL DESCRIPTION
Extent vi, 200 pages :
Other physical details illustrations ;
Dimensions 22 cm.
500 ## - GENERAL NOTE
General note Includes appendices.<br/>
650 ## - SUBJECT ADDED ENTRY--TOPICAL TERM
Topical term or geographic name as entry element Lie detectors and detection
Form subdivision Handbooks, manuals, etc.
9 (RLIN) 46531
650 ## - SUBJECT ADDED ENTRY--TOPICAL TERM
Topical term or geographic name as entry element Lie detectors and detection.
9 (RLIN) 46532
942 ## - ADDED ENTRY ELEMENTS (KOHA)
Source of classification or shelving scheme Dewey Decimal Classification
Koha item type Filipiniana
Holdings
Withdrawn status Lost status Source of classification or shelving scheme Damaged status Not for loan Collection code Home library Current library Date acquired Source of acquisition Cost, normal purchase price Total Checkouts Full call number Barcode Date last seen Copy number Price effective from Koha item type
    Dewey Decimal Classification     Filipiniana UM Digos College - LIC UM Digos College - LIC 08/16/2022 Purchased 398.00   DFil 363.25402 L949 2021 26944 05/15/2025 1 10/26/2022 Filipiniana
    Dewey Decimal Classification     Filipiniana UM Digos College - LIC UM Digos College - LIC 08/16/2022 Purchased 398.00   DFil 363.25402 L949 2021 26945 05/15/2025 2 10/26/2022 Filipiniana
    Dewey Decimal Classification     Filipiniana UM Digos College - LIC UM Digos College - LIC 08/16/2022 Purchased 398.00   DFil 363.25402 L949 2021 26946 05/15/2025 3 10/26/2022 Filipiniana